000
00264nam a2200121Ia 4500
008
190216s9999||||xx |||||||||||||| ||und||
100
_a
Kumaranasan N
245
0
_a
Kuil
260
_b
Sarada Book Depot
_c
1962
300
_a
11p
650
_a
Kavithkal
942
_c
BK
999
_c
23843
_d
23843